[Event "First Saturday FM-A May 2014"]
[Site "Budapest"]
[Date "2014.05.08"]
[Round "6.2"]
[White "Green, Per"]
[Black "Amangeldiyev, Gurbangeldi"]
[Result "0-1"]
[WhiteElo "1995"]
[BlackElo "2090"]
[PlyCount "82"]
[EventDate "2014.05.03"]

1. Nf3 b6 2. e4 Bb7 3. Nc3 e6 4. d4 Bb4 5. Bd3 Nf6 6. Qe2 d5 7. e5 Ne4 8. Bd2
Nxd2 9. Qxd2 Be7 10. Ne2 Ba6 11. Bxa6 Nxa6 12. c3 c5 13. Qd3 c4 14. Qc2 b5 15.
b4 cxb3 16. axb3 Qb6 17. Qa2 Nb8 18. b4 O-O 19. O-O Nc6 20. Qa6 Rfb8 21. Nd2
Qc7 22. Nb3 Rb6 23. Qa2 a5 24. bxa5 Rba6 25. Qb2 Nxa5 26. Nxa5 Rxa5 27. Rxa5
Rxa5 28. Qb3 g6 29. Rb1 Qc6 30. g3 Qa6 31. Kf1 Kf8 32. Qc2 Ra2 33. Qd3 Ra1 34.
Kg2 Rxb1 35. Qxb1 b4 36. Qb2 b3 37. Nc1 Ba3 38. Qxb3 Bxc1 39. Qb8+ Kg7 40. Qd8
Ba3 41. Qf6+ Kg8 0-1

[Event "First Saturday FM-A May 2014"]
[Site "Budapest"]
[Date "2014.05.08"]
[Round "6.3"]
[White "Wang, Zixu"]
[Black "Furedi, Erik"]
[Result "0-1"]
[WhiteElo "2043"]
[BlackElo "2020"]
[PlyCount "82"]
[EventDate "2014.05.03"]

1. e4 e5 2. Nf3 Nc6 3. Bb5 g6 4. O-O Bg7 5. c3 Nge7 6. d4 exd4 7. cxd4 O-O 8.
d5 Nb8 9. d6 Nec6 10. dxc7 Qxc7 11. Nc3 d6 12. Be2 a6 13. Nd5 Qd8 14. Bg5 f6
15. Be3 Nd7 16. Qb3 Kh8 17. Rac1 Re8 18. Bd3 Bf8 19. Nd4 Nc5 20. Nxc6 bxc6 21.
Bxc5 dxc5 22. Ne3 Be6 23. Bc4 Rb8 24. Qa4 Rxb2 25. Qxa6 Qc7 26. Bxe6 Rxe6 27.
Qc4 Qe7 28. f3 Bh6 29. Rc3 Rb4 30. Qa6 Bxe3+ 31. Rxe3 f5 32. Rd3 Rd6 33. Rxd6
Qxd6 34. exf5 gxf5 35. Qc8+ Kg7 36. Qxf5 Qd5 37. Qc2 Qd4+ 38. Rf2 c4 39. f4 c3
40. f5 Rb2 41. f6+ Kf8 0-1

[Event "First Saturday FM-A May 2014"]
[Site "Budapest"]
[Date "2014.05.08"]
[Round "6.4"]
[White "Velieva, Hurma"]
[Black "Lukacs, Albert"]
[Result "1-0"]
[WhiteElo "2031"]
[BlackElo "1910"]
[PlyCount "53"]
[EventDate "2014.05.03"]

1. e4 c5 2. Nf3 e6 3. d4 cxd4 4. Nxd4 a6 5. c4 Qc7 6. Nc3 Nf6 7. a3 Nc6 8. Be3
Be7 9. Be2 Ne5 10. Qa4 O-O 11. f3 d6 12. Rc1 Bd7 13. Qb3 Bc6 14. O-O Rac8 15.
Nd5 Qd8 16. Nxc6 Nxc6 17. Nxf6+ Bxf6 18. Qxb7 Nd4 19. Bd3 Rb8 20. Qxa6 Rxb2 21.
Rb1 Qb8 22. Qa5 Qb3 23. Rxb2 Qxd3 24. Qd2 Qxc4 25. Rb4 Qc3 26. Rxd4 Bxd4 27.
Qxd4 1-0

[Event "First Saturday FM-A May 2014"]
[Site "Budapest"]
[Date "2014.05.08"]
[Round "6.5"]
[White "Kis, Bela"]
[Black "Keszi, Janos"]
[Result "1-0"]
[WhiteElo "2046"]
[BlackElo "2092"]
[PlyCount "57"]
[EventDate "2014.05.03"]

1. e4 c5 2. d4 cxd4 3. c3 d3 4. Bxd3 Nc6 5. c4 g6 6. Nc3 Bg7 7. Nf3 d6 8. h3
Nf6 9. Be3 O-O 10. O-O Bd7 11. Qd2 Rc8 12. Rad1 Re8 13. Bb1 Na5 14. b3 b6 15.
e5 dxe5 16. Nxe5 Be6 17. Nb5 Qxd2 18. Rxd2 Nh5 19. f4 Bxe5 20. fxe5 Nc6 21. g4
Ng7 22. Be4 Nxe5 23. Nxa7 f5 24. gxf5 gxf5 25. Bd5 Bxd5 26. Rxd5 Ng6 27. Nxc8
Rxc8 28. Bxb6 Kf7 29. Bd4 1-0

[Event "First Saturday FM-A May 2014"]
[Site "Budapest"]
[Date "2014.05.08"]
[Round "6.6"]
[White "Bohman, Leif"]
[Black "Steer, Jozsef"]
[Result "1/2-1/2"]
[WhiteElo "1879"]
[BlackElo "1913"]
[PlyCount "54"]
[EventDate "2014.05.03"]

1. d4 d5 2. Nf3 Nf6 3. Bf4 Bf5 4. e3 e6 5. Nbd2 c6 6. c3 Bd6 7. Ne5 Qc7 8. Bg3
Nbd7 9. f4 Ne4 10. Be2 Ndf6 11. O-O O-O 12. Be1 Nxd2 13. Bxd2 Ne4 14. Be1 f6
15. Nf3 Bg4 16. c4 b6 17. Rc1 Kh8 18. h3 Bh5 19. Nd2 Bxe2 20. Qxe2 Nxd2 21.
Bxd2 f5 22. Rc2 Qd7 23. Rfc1 Rac8 24. Be1 Rc7 25. Qf3 Rfc8 26. b4 b5 27. c5 Be7
1/2-1/2

[Event "First Saturday FM-A May 2014"]
[Site "Budapest"]
[Date "2014.05.09"]
[Round "7.1"]
[White "Steer, Jozsef"]
[Black "Darazs, Zoltan"]
[Result "1/2-1/2"]
[WhiteElo "1913"]
[BlackElo "2122"]
[PlyCount "33"]
[EventDate "2014.05.03"]

1. e4 Nf6 2. Nc3 e5 3. Bc4 Nc6 4. Nf3 Nxe4 5. Bxf7+ Kxf7 6. Nxe4 d5 7. Ng3 e4
8. Ng1 Bc5 9. N1e2 Rf8 10. O-O Kg8 11. d3 exd3 12. cxd3 Nd4 13. Be3 Nxe2+ 14.
Qxe2 Bd6 15. d4 c6 16. Rac1 Qe7 17. Qd3 1/2-1/2

[Event "First Saturday FM-A May 2014"]
[Site "Budapest"]
[Date "2014.05.09"]
[Round "7.2"]
[White "Keszi, Janos"]
[Black "Bohman, Leif"]
[Result "1/2-1/2"]
[WhiteElo "2092"]
[BlackElo "1879"]
[PlyCount "56"]
[EventDate "2014.05.03"]

1. e4 d5 2. exd5 Nf6 3. Bb5+ Nbd7 4. c4 a6 5. Ba4 b5 6. cxb5 Nxd5 7. Nf3 e6 8.
Nc3 Bd6 9. Nxd5 exd5 10. Qe2+ Qe7 11. Qxe7+ Kxe7 12. Bb3 Nf6 13. Nd4 Re8 14.
O-O Bd7 15. bxa6 Kf8 16. d3 c5 17. Nf3 h6 18. Re1 Rxe1+ 19. Nxe1 Rxa6 20. h3
Be6 21. Be3 Rb6 22. Rb1 Ke7 23. Kf1 g5 24. Nf3 d4 25. Bxe6 fxe6 26. Bd2 e5 27.
a4 Rb3 28. Ke2 Nd5 1/2-1/2

[Event "First Saturday FM-A May 2014"]
[Site "Budapest"]
[Date "2014.05.09"]
[Round "7.3"]
[White "Lukacs, Albert"]
[Black "Kis, Bela"]
[Result "1/2-1/2"]
[WhiteElo "1910"]
[BlackElo "2046"]
[PlyCount "132"]
[EventDate "2014.05.03"]

1. e4 d6 2. d4 Nf6 3. Nc3 g6 4. Be2 Bg7 5. Be3 O-O 6. h4 c5 7. d5 e6 8. Qd2
exd5 9. exd5 Qb6 10. Nf3 Bf5 11. Bd3 Bxd3 12. Qxd3 Nbd7 13. O-O Ng4 14. Bf4
Rfe8 15. Nd1 c4 16. Qxc4 Rac8 17. Qb3 Qa6 18. Qd3 Qb6 19. Qb3 Qc7 20. c3 Re2
21. Nd4 Nc5 22. Qa3 Re4 23. Bg3 Bxd4 24. cxd4 Rxd4 25. Nc3 a6 26. Rad1 Rc4 27.
b4 Nd7 28. Ne2 Qb6 29. b5 Nc5 30. bxa6 bxa6 31. Rb1 Qd8 32. Rb4 Rxb4 33. Qxb4
Nf6 34. Qd4 Qe7 35. Bf4 Nfd7 36. Bh6 f6 37. Ng3 Ne5 38. Rb1 Nf7 39. Bf4 Kg7 40.
Qd2 Qd7 41. Rb4 Re8 42. Be3 Ne5 43. Qd1 Qc7 44. Ne4 Ned3 45. Rd4 Nxe4 46. Qxd3
Nc5 47. Rc4 Rd8 48. Qd4 Qb7 49. Qf4 Nd3 50. Qe4 Ne5 51. Rb4 Qc7 52. Qb1 Rd7 53.
h5 gxh5 54. Qf5 Qc3 55. Rh4 Re7 56. Rxh5 Ng6 57. Qh3 Kg8 58. Qf3 Re5 59. Rf5
Rxf5 60. Qxf5 Qa1+ 61. Kh2 Qe5+ 62. Qxe5 fxe5 63. Bg5 Kf7 64. Kg3 Ne7 65. Bxe7
Kxe7 66. Kf3 Kf6 1/2-1/2

[Event "First Saturday FM-A May 2014"]
[Site "Budapest"]
[Date "2014.05.09"]
[Round "7.4"]
[White "Furedi, Erik"]
[Black "Velieva, Hurma"]
[Result "1-0"]
[WhiteElo "2020"]
[BlackElo "2031"]
[PlyCount "127"]
[EventDate "2014.05.03"]

1. e4 c5 2. Nf3 a6 3. c4 Nc6 4. d4 cxd4 5. Nxd4 Nf6 6. Nc3 Qc7 7. Be3 e6 8. a3
Ne5 9. Be2 d6 10. O-O Be7 11. Rc1 O-O 12. Qb3 Neg4 13. Bg5 d5 14. g3 dxe4 15.
Bxg4 Nxg4 16. Bxe7 Qxe7 17. Nxe4 f5 18. Nc3 e5 19. c5+ Kh8 20. Nd5 Qg5 21. Nf3
Qh6 22. Ne3 Nxe3 23. fxe3 Be6 24. Qc3 f4 25. Qxe5 fxg3 26. hxg3 Bh3 27. Rf2 Rf5
28. Qe7 Raf8 29. Rd1 Kg8 30. Rd8 Qg6 31. Rxf8+ Rxf8 32. Qxf8+ Kxf8 33. Ne5+ Qf5
34. Nc4 Qxf2+ 35. Kxf2 Be6 36. Nd6 Bd5 37. e4 Bc6 38. b4 Ke7 39. Nf5+ Kf6 40.
Ke3 g6 41. Nd4 Bd7 42. Nb3 Ke5 43. Na5 Bc8 44. Nc4+ Kf6 45. Nd6 Bd7 46. Nxb7 h5
47. Na5 g5 48. c6 Be6 49. Nb7 Ke5 50. Nd8 Bg4 51. Nf7+ Kf6 52. Nd6 Ke7 53. Nf5+
Kd8 54. Kd4 Kc7 55. Kc5 Bf3 56. Ng7 Bg4 57. e5 h4 58. gxh4 gxh4 59. e6 h3 60.
e7 h2 61. e8=Q h1=Q 62. Qe7+ Kc8 63. Qb7+ Kd8 64. c7+ 1-0

[Event "First Saturday FM-A May 2014"]
[Site "Budapest"]
[Date "2014.05.09"]
[Round "7.5"]
[White "Amangeldiyev, Gurbangeldi"]
[Black "Wang, Zixu"]
[Result "1-0"]
[WhiteElo "2090"]
[BlackElo "2043"]
[PlyCount "91"]
[EventDate "2014.05.03"]

1. b3 e5 2. Bb2 d6 3. e3 f5 4. d4 e4 5. c4 Nf6 6. Ne2 d5 7. cxd5 Nxd5 8. Nbc3
c6 9. a3 Nf6 10. g3 Bd6 11. Nf4 Nbd7 12. b4 Nb6 13. Qb3 Qe7 14. b5 g5 15. Nh3
Be6 16. Qc2 Rg8 17. bxc6 bxc6 18. Na4 Nxa4 19. Qxa4 Qd7 20. Ng1 Rb8 21. Qc2 Qb7
22. Bc1 Bb3 23. Qd2 Nd5 24. Ne2 Bb4 25. axb4 Nxb4 26. Qc3 Nc2+ 27. Kd2 Nxa1 28.
Qxa1 Qb4+ 29. Nc3 c5 30. Qxa7 cxd4 31. exd4 Rb6 32. Qc7 Qxd4+ 33. Ke1 Bc2 34.
Qc8+ Ke7 35. Qc7+ Ke8 36. Be2 Rb3 37. Bh5+ Rg6 38. Qc6+ Kf8 39. Bxg6 hxg6 40.
Qc8+ Kg7 41. Bd2 Ra3 42. Qb7+ Kh8 43. Qb2 f4 44. Qxa3 e3 45. fxe3 fxe3 46. Qf8+
1-0

[Event "First Saturday FM-A May 2014"]
[Site "Budapest"]
[Date "2014.05.09"]
[Round "7.6"]
[White "Bartha, Sandor"]
[Black "Green, Per"]
[Result "0-1"]
[WhiteElo "2067"]
[BlackElo "1995"]
[PlyCount "116"]
[EventDate "2014.05.03"]

1. d4 Nf6 2. Nf3 e6 3. Bg5 h6 4. Bh4 b6 5. e3 Bb7 6. Nbd2 c5 7. c3 Be7 8. Be2
Nc6 9. O-O O-O 10. a3 cxd4 11. exd4 Nh5 12. Bxe7 Qxe7 13. g3 Nf6 14. Re1 d6 15.
Bd3 Qd7 16. Qe2 Ne7 17. Ne4 Ned5 18. Nfd2 Nxe4 19. Nxe4 Qe7 20. f4 Nf6 21. Rf1
Nxe4 22. Bxe4 Bxe4 23. Qxe4 Rae8 24. Rae1 Qc7 25. Qe2 e5 26. fxe5 dxe5 27. dxe5
Qc5+ 28. Rf2 Re6 29. Qe3 Qxe3 30. Rxe3 Rfe8 31. Rfe2 f6 32. Kf2 fxe5 33. Re4
Kf7 34. Ke3 Ke7 35. Rc4 Rd8 36. Rc7+ Rd7 37. Rxd7+ Kxd7 38. Ke4 Ke7 39. g4 g6
40. Re3 Kf6 41. h4 Rc6 42. b3 a5 43. a4 Rc5 44. c4 Ke6 45. h5 gxh5 46. gxh5 Rc7
47. Rg3 Rf7 48. Rg6+ Rf6 49. Rg7 Rf4+ 50. Ke3 Rf6 51. Rg2 Rf5 52. Rg6+ Rf6 53.
Rxf6+ Kxf6 54. b4 axb4 55. c5 b3 56. Kd2 e4 57. cxb6 e3+ 58. Kd3 b2 0-1

[Event "First Saturday FM-A May 2014"]
[Site "Budapest"]
[Date "2014.05.10"]
[Round "8.1"]
[White "Darazs, Zoltan"]
[Black "Green, Per"]
[Result "1/2-1/2"]
[WhiteElo "2122"]
[BlackElo "1995"]
[PlyCount "23"]
[EventDate "2014.05.03"]

1. e4 e6 2. d4 d5 3. Nc3 Bb4 4. e5 b6 5. a3 Bf8 6. f4 Ne7 7. Nf3 h5 8. Bd3 Ba6
9. O-O Bxd3 10. Qxd3 Nf5 11. Be3 Be7 12. Bf2 1/2-1/2

[Event "First Saturday FM-A May 2014"]
[Site "Budapest"]
[Date "2014.05.10"]
[Round "8.2"]
[White "Wang, Zixu"]
[Black "Bartha, Sandor"]
[Result "1/2-1/2"]
[WhiteElo "2043"]
[BlackElo "2067"]
[PlyCount "41"]
[EventDate "2014.05.03"]

1. e4 c5 2. Nf3 d6 3. d4 cxd4 4. Nxd4 Nf6 5. Nc3 a6 6. Be3 e6 7. f3 Be7 8. Qd2
O-O 9. g4 b5 10. a3 Bb7 11. h4 Nfd7 12. g5 Ne5 13. h5 Nbc6 14. Nxc6 Bxc6 15.
Be2 a5 16. f4 b4 17. fxe5 bxc3 18. Qxc3 Bxe4 19. Rg1 Rc8 20. Qd4 d5 21. c3
1/2-1/2

[Event "First Saturday FM-A May 2014"]
[Site "Budapest"]
[Date "2014.05.10"]
[Round "8.3"]
[White "Velieva, Hurma"]
[Black "Amangeldiyev, Gurbangeldi"]
[Result "0-1"]
[WhiteElo "2031"]
[BlackElo "2090"]
[PlyCount "88"]
[EventDate "2014.05.03"]

1. e4 e6 2. d4 b6 3. c4 Bb7 4. Bd3 Nc6 5. d5 exd5 6. cxd5 Ne5 7. Be2 Qh4 8. Nc3
Bc5 9. g3 Qe7 10. Nf3 Nxf3+ 11. Bxf3 O-O-O 12. a3 Kb8 13. O-O Qf6 14. Bd2 Bd4
15. Rc1 Be5 16. Be3 Ne7 17. Bg2 Ba6 18. Re1 g5 19. Qa4 Bb7 20. Red1 c6 21. Rf1
Ng6 22. Ne2 h5 23. Nd4 Rc8 24. Rc2 h4 25. Rfc1 c5 26. Nb5 a6 27. Nc3 b5 28. Qb3
c4 29. Qa2 hxg3 30. fxg3 Bd4 31. Nd1 Bxe3+ 32. Nxe3 Qd4 33. Re2 Ne5 34. Rd1 Nd3
35. Qb1 Rce8 36. Kh1 Qe5 37. Kg1 Qd4 38. Kh1 f5 39. b3 fxe4 40. bxc4 bxc4 41.
Nf5 Nf2+ 42. Rxf2 Qxf2 43. Rf1 Qc5 44. Bxe4 Rxe4 0-1

[Event "First Saturday FM-A May 2014"]
[Site "Budapest"]
[Date "2014.05.10"]
[Round "8.4"]
[White "Kis, Bela"]
[Black "Furedi, Erik"]
[Result "0-1"]
[WhiteElo "2046"]
[BlackElo "2020"]
[PlyCount "84"]
[EventDate "2014.05.03"]

1. d4 d5 2. c4 e6 3. Nc3 Be7 4. Bf4 Nf6 5. Nf3 O-O 6. e3 a6 7. cxd5 exd5 8. Bd3
b6 9. h3 Bb7 10. Rc1 Nbd7 11. O-O c5 12. Bb1 Rc8 13. Re1 Re8 14. Ne5 c4 15. f3
b5 16. g4 b4 17. Ne2 Nxe5 18. Bxe5 Bd6 19. f4 a5 20. Ng3 Bc6 21. g5 Bxe5 22.
dxe5 Nd7 23. Nf5 Rf8 24. Qh5 Re8 25. Nxg7 Nf8 26. Nf5 Re6 27. Nh6+ Rxh6 28.
Qxh6 d4 29. Bf5 d3 30. Rxc4 Qd5 31. Re4 d2 32. Rd1 Bd7 33. Rd4 Qf3 34. R4xd2
Bxf5 35. Qh4 Qxe3+ 36. Qf2 Qxh3 37. Qg2 Qe3+ 38. Qf2 Qe4 39. Qd4 Qb7 40. Qd5
Qa7+ 41. Qd4 Qa6 42. Qd6 Qc4 0-1

[Event "First Saturday FM-A May 2014"]
[Site "Budapest"]
[Date "2014.05.10"]
[Round "8.5"]
[White "Bohman, Leif"]
[Black "Lukacs, Albert"]
[Result "0-1"]
[WhiteElo "1879"]
[BlackElo "1910"]
[PlyCount "74"]
[EventDate "2014.05.03"]

1. e4 e5 2. c4 d6 3. Nc3 Nf6 4. Be2 Be7 5. d3 O-O 6. Be3 c6 7. Nf3 Ng4 8. Bd2
f5 9. h3 Nf6 10. Qc2 Na6 11. a3 Rb8 12. d4 Nxe4 13. dxe5 Nac5 14. Be3 dxe5 15.
Rd1 Qc7 16. Nxe4 fxe4 17. Nd2 Nd3+ 18. Bxd3 exd3 19. Qxd3 Bf5 20. Qc3 Rbd8 21.
O-O Rd3 22. Qc1 c5 23. Nb1 Qc6 24. Nc3 Qg6 25. Kh1 Qh5 26. Rxd3 Bxd3 27. Rd1 e4
28. Nd5 Bd6 29. Re1 Qe5 30. g3 Qh5 31. Kh2 g5 32. Qd1 Qg6 33. Qg4 Bxc4 34. Nc3
Bd3 35. Kg2 Rf5 36. Nxe4 h5 37. Qxf5 Bxe4+ 0-1

[Event "First Saturday FM-A May 2014"]
[Site "Budapest"]
[Date "2014.05.10"]
[Round "8.6"]
[White "Steer, Jozsef"]
[Black "Keszi, Janos"]
[Result "0-1"]
[WhiteElo "1913"]
[BlackElo "2092"]
[PlyCount "86"]
[EventDate "2014.05.03"]

1. e4 c5 2. Nf3 d6 3. d4 cxd4 4. Nxd4 Nf6 5. Nc3 a6 6. Bc4 e6 7. Bb3 Be7 8. O-O
Bd7 9. Be3 Nc6 10. Nxc6 Bxc6 11. f3 O-O 12. Qd2 Qc7 13. Rad1 b5 14. a3 a5 15.
Qf2 Rfb8 16. Ne2 a4 17. Ba2 b4 18. axb4 Rxb4 19. Bd4 a3 20. bxa3 Rxa3 21. Bb3
d5 22. exd5 Bxd5 23. Bxf6 Bxf6 24. Bxd5 exd5 25. Rb1 Rxb1 26. Rxb1 g6 27. c3
Bxc3 28. Qe3 Qe5 29. Qxe5 Bxe5 30. Rb5 Rd3 31. f4 Bd4+ 32. Nxd4 Rxd4 33. g3 Rd2
34. Rb6 h5 35. f5 Kh7 36. fxg6+ fxg6 37. h4 Kg7 38. Rd6 Kf7 39. Kf1 d4 40. Kg1
d3 41. Kf1 Rd1+ 42. Kf2 d2 43. Ke2 Rg1 0-1

[Event "First Saturday FM-A May 2014"]
[Site "Budapest"]
[Date "2014.05.11"]
[Round "9.2"]
[White "Lukacs, Albert"]
[Black "Steer, Jozsef"]
[Result "1/2-1/2"]
[WhiteElo "1910"]
[BlackElo "1913"]
[PlyCount "24"]
[EventDate "2014.05.03"]

1. e4 c6 2. d4 d5 3. Nc3 dxe4 4. Nxe4 Bf5 5. Ng3 Bg6 6. h4 h6 7. Nf3 Nd7 8. Bd3
Bxd3 9. Qxd3 Qc7 10. Bd2 e6 11. O-O-O Ngf6 12. Rhe1 O-O-O 1/2-1/2

[Event "First Saturday FM-A May 2014"]
[Site "Budapest"]
[Date "2014.05.11"]
[Round "9.3"]
[White "Furedi, Erik"]
[Black "Bohman, Leif"]
[Result "1-0"]
[WhiteElo "2020"]
[BlackElo "1879"]
[PlyCount "71"]
[EventDate "2014.05.03"]

1. e4 e6 2. d4 d5 3. Nc3 Nf6 4. Bg5 Be7 5. Bxf6 Bxf6 6. Nf3 O-O 7. Bd3 b6 8. e5
Be7 9. Ne2 Ba6 10. O-O Bxd3 11. Qxd3 c5 12. c3 Nd7 13. Nd2 f6 14. Nf4 Qc8 15.
Nxe6 Rf7 16. exf6 Nxf6 17. Ng5 Rf8 18. f4 h6 19. Rae1 Re8 20. Ne6 Bd6 21. f5
Qd7 22. Nf3 c4 23. Qe3 Ne4 24. Ne5 Bxe5 25. dxe5 Rxe6 26. fxe6 Qxe6 27. Qd4 Nc5
28. Re3 Re8 29. Rd1 Rd8 30. b3 cxb3 31. c4 bxa2 32. Ra3 a5 33. cxd5 Qf5 34.
Rxa2 Qd7 35. Rb2 Rf8 36. Rxb6 1-0

[Event "First Saturday FM-A May 2014"]
[Site "Budapest"]
[Date "2014.05.11"]
[Round "9.4"]
[White "Amangeldiyev, Gurbangeldi"]
[Black "Kis, Bela"]
[Result "1-0"]
[WhiteElo "2090"]
[BlackElo "2046"]
[PlyCount "67"]
[EventDate "2014.05.03"]

1. b3 e5 2. Bb2 d6 3. e3 Nf6 4. c4 g6 5. d4 exd4 6. exd4 d5 7. Bd3 Bg4 8. f3
Be6 9. Ne2 Bh6 10. Na3 Nc6 11. Nc2 O-O 12. O-O Re8 13. Bc1 Bxc1 14. Rxc1 Qd7
15. g4 h5 16. h3 Kg7 17. Rf2 Rh8 18. g5 Ng8 19. h4 Nge7 20. Qd2 Nf5 21. Qf4
Rhe8 22. c5 Nce7 23. b4 a5 24. b5 b6 25. a4 Rec8 26. Ne1 Rab8 27. Ng2 c6 28.
Qe5+ Kg8 29. Nef4 Qc7 30. Qf6 Bd7 31. Re2 Be8 32. Rce1 cxb5 33. Rxe7 Nxe7 34.
Rxe7 1-0

[Event "First Saturday FM-A May 2014"]
[Site "Budapest"]
[Date "2014.05.11"]
[Round "9.5"]
[White "Bartha, Sandor"]
[Black "Velieva, Hurma"]
[Result "0-1"]
[WhiteElo "2067"]
[BlackElo "2031"]
[PlyCount "86"]
[EventDate "2014.05.03"]

1. d4 Nf6 2. g3 g6 3. Bg2 Bg7 4. e4 d6 5. f4 c5 6. d5 O-O 7. Ne2 e6 8. dxe6
fxe6 9. O-O Nc6 10. c4 a6 11. Nbc3 Qc7 12. h3 Bd7 13. a4 Rad8 14. g4 Nd4 15.
Be3 Nxe2+ 16. Qxe2 Bc6 17. Bf3 Nd7 18. Rad1 Bxc3 19. bxc3 Bxa4 20. Rd2 Nb6 21.
Qd3 Bb3 22. Qb1 Bxc4 23. Re1 Bb5 24. Rg2 Nc4 25. Bc1 Ne5 26. Be2 Bxe2 27. Rexe2
Nc6 28. h4 d5 29. exd5 exd5 30. h5 Qf7 31. f5 gxf5 32. Bh6 f4 33. Bxf8 f3 34.
Ref2 Rxf8 35. Rg3 Ne5 36. Qc1 Qf4 37. Qxf4 Rxf4 38. g5 Rc4 39. g6 hxg6 40. hxg6
Rxc3 41. Rg5 Re3 42. g7 d4 43. Kf1 Nd3 0-1

[Event "First Saturday FM-A May 2014"]
[Site "Budapest"]
[Date "2014.05.11"]
[Round "9.6"]
[White "Green, Per"]
[Black "Wang, Zixu"]
[Result "0-1"]
[WhiteElo "1995"]
[BlackElo "2043"]
[PlyCount "48"]
[EventDate "2014.05.03"]

1. Nf3 Nf6 2. c4 d6 3. d4 g6 4. Nc3 Bg7 5. e4 O-O 6. Be2 e5 7. Be3 Nc6 8. d5
Ne7 9. Nd2 Ne8 10. b4 f5 11. f3 c6 12. Nb3 Kh8 13. Rc1 Nf6 14. Rc2 h5 15. h3
cxd5 16. cxd5 Bd7 17. g4 hxg4 18. hxg4+ Kg8 19. gxf5 gxf5 20. Nd2 Rc8 21. Qc1
b6 22. Bh6 Bxh6 23. Rxh6 Kg7 24. Rh2 Ng6 0-1

[Event "First Saturday FM-A May 2014"]
[Site "Budapest"]
[Date "2014.05.12"]
[Round "10.1"]
[White "Darazs, Zoltan"]
[Black "Wang, Zixu"]
[Result "1/2-1/2"]
[WhiteElo "2122"]
[BlackElo "2043"]
[PlyCount "24"]
[EventDate "2014.05.03"]

1. e4 c5 2. Nf3 d6 3. d4 cxd4 4. Nxd4 Nf6 5. Nc3 a6 6. Bg5 e6 7. f4 Nbd7 8. Qf3
Qc7 9. O-O-O b5 10. e5 Bb7 11. Qh3 dxe5 12. Nxe6 fxe6 1/2-1/2

[Event "First Saturday FM-A May 2014"]
[Site "Budapest"]
[Date "2014.05.12"]
[Round "10.2"]
[White "Velieva, Hurma"]
[Black "Green, Per"]
[Result "1-0"]
[WhiteElo "2031"]
[BlackElo "1995"]
[PlyCount "75"]
[EventDate "2014.05.03"]

1. e4 e6 2. d4 d5 3. exd5 exd5 4. Bd3 Nc6 5. c3 Bd6 6. Ne2 Qh4 7. Ng3 Nge7 8.
Nd2 Bg4 9. Be2 h5 10. Nf3 Qf6 11. h3 Bxf3 12. Bxf3 g6 13. Qd3 Qh4 14. Ne2 a6
15. g3 Qf6 16. h4 Qe6 17. Bg5 f6 18. Bd2 Nf5 19. O-O-O O-O-O 20. Nf4 Bxf4 21.
Bxf4 Na5 22. Rde1 Qc6 23. g4 Nh6 24. gxh5 gxh5 25. Bxh5 Nc4 26. Re7 Nd6 27.
Rhe1 Kb8 28. Bxd6 Qxd6 29. Qf3 c5 30. R1e3 Qh2 31. Qg3+ Qxg3 32. fxg3 Rdg8 33.
Re8+ Rxe8 34. Rxe8+ Rxe8 35. Bxe8 Kc8 36. Kd2 Kd8 37. Bg6 Ke7 38. Ke3 1-0

[Event "First Saturday FM-A May 2014"]
[Site "Budapest"]
[Date "2014.05.12"]
[Round "10.3"]
[White "Kis, Bela"]
[Black "Bartha, Sandor"]
[Result "0-1"]
[WhiteElo "2046"]
[BlackElo "2067"]
[PlyCount "74"]
[EventDate "2014.05.03"]

1. e4 c5 2. d4 cxd4 3. c3 dxc3 4. Nxc3 d6 5. Nf3 e6 6. Bc4 Be7 7. O-O Nf6 8.
Qe2 O-O 9. Rd1 Qa5 10. Nb5 a6 11. Bd2 Qd8 12. Nxd6 Qxd6 13. e5 Qc7 14. exf6
Bxf6 15. Rac1 Nc6 16. Bd3 g6 17. b4 Qb8 18. Be4 Rd8 19. h4 Bd7 20. h5 Ne7 21.
hxg6 hxg6 22. Ng5 Ba4 23. Re1 Qe5 24. Nf3 Qh5 25. Bxb7 Bb5 26. Qe4 Rab8 27. Rc7
Kg7 28. Bc3 Bxc3 29. Rxe7 Bxe1 30. Qxe6 Bxf2+ 31. Kxf2 Qf5 32. Qe3 Rd3 33. Qc5
Qxc5+ 34. bxc5 Rc3 35. Rc7 Rc2+ 36. Kg1 Kf6 37. g4 Rd8 0-1

[Event "First Saturday FM-A May 2014"]
[Site "Budapest"]
[Date "2014.05.12"]
[Round "10.4"]
[White "Bohman, Leif"]
[Black "Amangeldiyev, Gurbangeldi"]
[Result "0-1"]
[WhiteElo "1879"]
[BlackElo "2090"]
[PlyCount "88"]
[EventDate "2014.05.03"]

1. d4 d5 2. Nf3 e6 3. Bf4 c5 4. c3 Nf6 5. e3 Nc6 6. Nbd2 Bd6 7. Bg5 h6 8. Bh4
O-O 9. Be2 cxd4 10. exd4 Be7 11. Ne5 Nxe5 12. dxe5 Nd7 13. Bxe7 Qxe7 14. Nf3 b6
15. O-O a5 16. Re1 Ba6 17. Qd4 Qc5 18. Rac1 Rfc8 19. Bxa6 Rxa6 20. Rcd1 b5 21.
a3 Qe7 22. Qe3 b4 23. axb4 axb4 24. Ra1 Rxa1 25. Rxa1 bxc3 26. bxc3 Qc5 27.
Qxc5 Nxc5 28. g3 Ne4 29. Rc1 g5 30. Kg2 Rc4 31. Rc2 Kg7 32. Nd4 Nxc3 33. Ne2
Nxe2 34. Rxe2 Kg6 35. h3 h5 36. f3 f6 37. exf6 Kxf6 38. Kf2 e5 39. Rd2 d4 40.
Ke2 Kf5 41. Kf2 g4 42. fxg4+ hxg4 43. h4 e4 44. Rb2 e3+ 0-1

[Event "First Saturday FM-A May 2014"]
[Site "Budapest"]
[Date "2014.05.12"]
[Round "10.5"]
[White "Steer, Jozsef"]
[Black "Furedi, Erik"]
[Result "0-1"]
[WhiteElo "1913"]
[BlackElo "2020"]
[PlyCount "72"]
[EventDate "2014.05.03"]

1. e4 e5 2. Bc4 Nf6 3. Nf3 Nxe4 4. d3 Nf6 5. Nxe5 d5 6. Bb3 Bd6 7. d4 O-O 8.
O-O c5 9. c3 Qc7 10. Re1 Nc6 11. f4 cxd4 12. cxd4 Nxd4 13. Nc3 Nxb3 14. Qxb3
Be6 15. Nb5 Bc5+ 16. Be3 Qb6 17. Qd3 Bxe3+ 18. Rxe3 Bf5 19. Qe2 d4 20. Rb3 Rac8
21. Na3 Qc7 22. Rd1 Rfd8 23. Nb5 Qc5 24. Nd3 Qc4 25. Na3 Qd5 26. Nf2 Ne4 27.
Rb5 Qd7 28. Nxe4 Bg4 29. Qd2 Bxd1 30. Qxd1 Re8 31. Nf2 d3 32. Re5 d2 33. Nc2
Qa4 34. Rxe8+ Qxe8 35. Nd3 Rxc2 36. Qxc2 Qe1+ 0-1

[Event "First Saturday FM-A May 2014"]
[Site "Budapest"]
[Date "2014.05.12"]
[Round "10.6"]
[White "Keszi, Janos"]
[Black "Lukacs, Albert"]
[Result "0-1"]
[WhiteElo "2092"]
[BlackElo "1910"]
[PlyCount "71"]
[EventDate "2014.05.03"]

1. d4 d5 2. Nf3 Nf6 3. Bg5 e6 4. Nbd2 Be7 5. e3 Nbd7 6. Bd3 c5 7. c3 O-O 8. O-O
b6 9. Ne5 Bb7 10. f4 Ne4 11. Bxe7 Qxe7 12. a4 Nxd2 13. Qxd2 f6 14. Nf3 e5 15.
fxe5 fxe5 16. Bb5 e4 17. Nh4 g6 18. g3 Nf6 19. Be2 c4 20. b3 cxb3 21. Rfb1 Bc8
22. Ng2 Bg4 23. Rxb3 g5 24. c4 Bf3 25. cxd5 Ng4 26. d6 Qxd6 27. Rb5 h6 28. Rf1
a6 29. Rb3 Rac8 30. Qb2 Bxe2 31. Qxe2 Rxf1+ 32. Qxf1 Rc2 33. Qd1 Qc6 34. Qxg4
Rc1+ 35. Ne1 Qc4 36. Qf5 0-1

[Event "First Saturday FM-A May 2014"]
[Site "Budapest"]
[Date "2014.05.13"]
[Round "11.1"]
[White "Lukacs, Albert"]
[Black "Darazs, Zoltan"]
[Result "0-1"]
[WhiteElo "1910"]
[BlackElo "2122"]
[PlyCount "58"]
[EventDate "2014.05.03"]

1. e4 e5 2. Nf3 Nc6 3. Bc4 Nf6 4. d3 Bc5 5. O-O O-O 6. Bg5 h6 7. Bh4 g5 8. Bg3
d6 9. c3 Bg4 10. Nbd2 a6 11. b4 Ba7 12. h3 Be6 13. Nh2 b5 14. Bd5 Nxd5 15. exd5
Bxd5 16. Qh5 Kg7 17. Ng4 Rh8 18. Ne3 Be6 19. Ne4 f5 20. d4 exd4 21. Nxf5+ Bxf5
22. Qf3 Qd7 23. Rad1 Rhf8 24. cxd4 Rae8 25. Nc5 dxc5 26. dxc5 Qe6 27. Qa3 a5
28. Bxc7 axb4 29. Qc1 Qc4 0-1